LEADER 03171nam 2200541 450 001 9910494611003321 005 20211020232833.0 010 $a2-7598-2257-5 024 7 $a10.1051/978-2-7598-2257-7 035 $a(CKB)4100000004817539 035 $a(MiAaPQ)EBC5377973 035 $a(PPN)233376356 035 $a(DE-B1597)573479 035 $a(DE-B1597)9782759822577 035 $a(MiAaPQ)EBC6810367 035 $a(Au-PeEL)EBL6810367 035 $a(OCoLC)1245065050 035 $a(EXLCZ)994100000004817539 100 $a20180528d2018 uy 0 101 0 $afre 135 $aurcnu|||||||| 181 $ctxt$2rdacontent 182 $cc$2rdamedia 183 $acr$2rdacarrier 200 10$aAnalyse Dans les Espaces Metriques /$fHerve Pajot et Emmanuel Russ 210 1$aLes Ulis ;$aParis :$cEDP Sciences :$cCNRS Editions,$d[2018] 210 4$d©2018 215 $a1 online resource (423 pages) $cillustrations 225 0 $aSavoirs Actuels 311 0 $a2-7598-2256-7 327 $tFront matter --$tTABLE DES MATIÈRES --$tMotivations et plan --$tNotations --$t1. Éléments de théorie de la mesure --$t2. Applications lipschitziennes et théorie géométrique de la mesure --$t3. Espaces de Sobolev --$t4. Inégalités de Poincaré, espaces de Loewner et applications --$tBibliographie --$tIndex terminologique 330 $aL?analyse dans les espaces métriques est un domaine des mathématiques qui s?est beaucoup développé ces dernières années. Celui-ci a de nombreuses applications, en géométrie et en synthèse d?image par exemple. Ce livre, issu de plusieurs cours de Master 2 donnés à l?Université Grenoble Alpes, est destiné à un large public d?étudiants qui souhaitent aller au-delà des cours traditionnels d?analyse de niveau L3/M1, ainsi qu?à des chercheurs de divers domaines intéressés par les bases de l?analyse non lisse, notamment sur des espaces fractals. Le premier chapitre propose quelques compléments de théorie de la mesure et introduit plusieurs notions et outils fondamentaux, ainsi que le groupe de Heisenberg. Les trois autres chapitres présentent une description de l?état de l?art sur la théorie géométrique de la mesure, les espaces de Sobolev, les inégalités de Poincaré et la théorie quasi-conforme, le tout dans les espaces métriques généraux. La théorie classique dans les espaces euclidiens est revue au début de chacun de ceux-ci. Chaque chapitre du livre se termine par de nombreux exercices. Certains, donnant des compléments utiles au texte principal, sont inspirés d?articles de recherche récents. 410 0$aSavoirs Actuels Ser. 606 $aMathematical analysis$vProblems, exercises, etc 606 $aMetric spaces$vProblems, exercises, etc 608 $aElectronic books. 615 0$aMathematical analysis 615 0$aMetric spaces 676 $a515.076 700 $aPajot$b Herve$0352588 702 $aRuss$b Emmanuel 801 0$bMiAaPQ 801 1$bMiAaPQ 801 2$bMiAaPQ 906 $aBOOK 912 $a9910494611003321 996 $aAnalyse Dans les Espaces Metriques$92488023 997 $aUNINA LEADER 02587nam 2200577 a 450 001 9910779596303321 005 20230725055904.0 010 $a1-86189-959-9 010 $a1-299-19079-0 035 $a(CKB)2550000001005980 035 $a(EBL)1127621 035 $a(SSID)ssj0000906196 035 $a(PQKBManifestationID)12422800 035 $a(PQKBTitleCode)TC0000906196 035 $a(PQKBWorkID)10930567 035 $a(PQKB)11418411 035 $a(MiAaPQ)EBC1127621 035 $a(Au-PeEL)EBL1127621 035 $a(CaPaEBR)ebr10660883 035 $a(CaONFJC)MIL450329 035 $a(OCoLC)854970475 035 $a(EXLCZ)992550000001005980 100 $a20130222d2011 uy 0 101 0 $aeng 135 $aur|n|---||||| 181 $ctxt 182 $cc 183 $acr 200 10$aArt forgery$b[electronic resource] $ethe history of a modern obsession /$fThierry Lenain 210 $aLondon $cReaktion Books$d2011 215 $a1 online resource (386 p.) 300 $aDescription based upon print version of record. 311 $a1-86189-850-9 320 $aIncludes bibliographical references and index. 327 $aArt Forgery: The History of a Modern Obsession; Imprint page; Contents; Foreword; 1. The Symptoms of an Obsession; 2. Before the Age of Art Forgery; 3. Before the Age of the Obsession with Art Forgery; 4. Art Forgery as the Connoisseur's Nightmare; Conclusion: Fakes and the End of the World; References; Bibliography; Acknowledgements; Photo Acknowledgements; Index 330 $aWith the recent advent of technologies that make detecting art forgeries easier, the art world has become increasingly obsessed with verifying and ensuring artistic authenticity. In this unique history, Thierry Lenain examines the genealogy of faking and interrogates the anxious, often neurotic, reactions triggered in the modern art world by these clever frauds. Lenain begins his history in the Middle Ages, when the issue of false relics and miracles often arose. But during this time, if a relic gave rise to a cult, it would be considered as genuine even if 606 $aArt$xForgeries$xHistory 606 $aPictures$xCopying$xHistory 606 $aArt$xExpertising 615 0$aArt$xForgeries$xHistory. 615 0$aPictures$xCopying$xHistory. 615 0$aArt$xExpertising. 676 $a702.874 700 $aLenain$b Thierry$01203991 801 0$bMiAaPQ 801 1$bMiAaPQ 801 2$bMiAaPQ 906 $aBOOK 912 $a9910779596303321 996 $aArt forgery$93804931 997 $aUNINA LEADER 01492nam0 2200337 i 450 001 TO01065858 005 20251003044409.0 010 $a8823806895 100 $a20030128d2001 ||||0itac50 ba 101 | $aita 102 $ait 181 1$6z01$ai $bxxxe 182 1$6z01$ay 200 1 $aDirigere e governare le amministrazioni pubbliche$eeconomicità, controllo e valutazione dei risultati$fMario Del Vecchio 210 $aMilano$cEGEA$d2001 215 $a230 p.$d24 cm. 225 | $aBiblioteca dell'economia d'azienda 410 0$1001CFI0128567$12001 $aBiblioteca dell'economia d'azienda 606 $aEnti locali$xGestione$2FIR$3CFIC039531$9E 676 $a352.0004750945$9$v20 676 $a352.3$9Amministrazione publica. Direzione$v14 686 $aHJ 9497$c$2C 700 1$aDel Vecchio$b, Mario$f <1958- >$3CFIV229518$4070$0149241 801 3$aIT$bIT-000000$c20030128 850 $aIT-BN0095 901 $bNAP 01$cPOZZO LIB.$nVi sono collocati fondi di economia, periodici di ingegneria e scienze, periodici di economia e statistica e altri fondi comprendenti documenti di economia pervenuti in dono. 912 $aTO01065858 950 0$aBiblioteca Centralizzata di Ateneo$c1 v.$d 01POZZO LIB.ECON MON 522$e 0101 0000057655E VMA 1 v. precedente collocazione sez. DASES B 0286$fB $h20090417$i20090417 977 $a 01 996 $aDirigere e governare le amministrazioni pubbliche$968234 997 $aUNISANNIO